| 000 | 00842nam a22002177a 4500 | ||
|---|---|---|---|
| 999 |
_c9869 _d9869 |
||
| 003 | AR-CdUCM | ||
| 008 | 190328b ||||| |||| 00| 0 spa d | ||
| 040 |
_aMUNICIPALIDAD PROVINCIAL DEL CUSCO _cBIBLIOTECA MUNICIPAL DEL CUSCO |
||
| 082 |
_a146 / _bL64 /1909 |
||
| 100 |
_aLetorneau, Carlos _921180 |
||
| 245 | _aCiencia y materialismo / | ||
| 260 |
_aBarcelona : _bLibrería de Feliu y Susana, _c1909. |
||
| 300 |
_a189 paginas ; _c19 cm. |
||
| 505 | _aContenido :Biología general :Variabilidad de los seres organizados --Psicología biológica :El mecanismo del pensamiento --Fisiología del amor --Etnografia general :Psicología Negra ... | ||
| 650 |
_aBiología _9881 |
||
| 650 |
_aPsicología _91538 |
||
| 650 |
_aFisiología _94959 |
||
| 700 |
_aAurelio Medina (versión española) _926369 |
||
| 942 |
_2ddc _cLIBROS |
||
| 945 | _arjall | ||